Language Quiz

Random Language or Letter Quiz

Rhymes with Sheep Quiz Stats

 Plays Quiz Updated Jul 12, 2016

Also try: Rhymes with Cat
Challenge
Share
Tweet
Embed
Score 0/19 Timer 02:00
1 Play Today
% Correct
Beep
96.5%
Leap
94.8%
Deep
93.9%
Keep
91.1%
Peep
90.7%
Weep
89.6%
Creep
87.8%
Reap
87%
Jeep
85.9%
Seep
85.4%
% Correct
Sleep
85.2%
Heap
85.2%
Bleep
82.7%
Steep
77.2%
Cheap
70.3%
Veep
68.9%
Neap
54.3%
Cheep
53.1%
Sweep
45.7%

You're not logged in!

Compare scores with friends on all Sporcle quizzes.
Join for Free
OR
Log In

You Might Also Like...

Show Comments

Extras

Top Quizzes Today


Score Distribution

Your Account Isn't Verified!

In order to create a playlist on Sporcle, you need to verify the email address you used during registration. Go to your Sporcle Settings to finish the process.

Report this User

Report this user for behavior that violates our Community Guidelines.

Details: